| 000 | 01573nam0a22003971 4500 | ||
|---|---|---|---|
| 001 | RU\NLR\BIBL_A\022609406 | ||
| 005 | 20260420052535.0 | ||
| 010 |
_a978-5-17-172846-5 _92000 |
||
| 021 |
_aRU _bКН-П-25-039270 _9КН-П-25-3836 |
||
| 035 | _a(NLR Aleph) 022609406 | ||
| 090 |
_a13682838 _c13682838 |
||
| 100 | _a20250826d2025 u y0rusy50 ca | ||
| 101 | 0 |
_arus _achi |
|
| 102 | _aRU | ||
| 105 | _aa j 000yy | ||
| 181 | 0 |
_ai _baxxe |
|
| 182 | 0 | _an | |
| 200 | 1 |
_aУчим китайский язык: от иероглифа к слову _fН. Н. Воропаев |
|
| 203 |
_aТекст _bвизуальный _cнепосредственный |
||
| 210 |
_aМосква _cАСТ, Lingua _d2025 |
||
| 215 |
_a222, [1] с. _cил., табл. _d24 |
||
| 225 | 1 | _aШкола китайского языка | |
| 300 | _aТекст рус., кит. | ||
| 320 | _aБиблиогр.: с. 219-222 (36 назв.) | ||
| 333 | _a12+ | ||
| 606 | 1 |
_aКитайский язык _jУчебные издания _xПисьмо иероглифическое _91339783 _3RU\NLR\AUTH\66558328 |
|
| 606 | 1 |
_aКитайский язык _jУчебные издания _xПисьмо _xИстория _91339756 _3RU\NLR\AUTH\66558314 |
|
| 686 | 1 | _aШ171.1-93рус-8 | |
| 700 | 1 |
_aВоропаев _bН. Н. _gНиколай Николаевич |
|
| 852 |
_aNLR _bОЛСАА-кит. _j3-5669 |
||
| 942 | _cBOOK | ||
| 980 | 1 | _aCHIN | |
| 980 | _aNB | ||